Normal view
MARC view
- India.
Entry Corporate Name
001 - CONTROL NUMBER
- control field: 12833
003 - CONTROL NUMBER IDENTIFIER
- control field: NUST
005 - DATE AND TIME OF LATEST TRANSACTION
- control field: 20190102043144.0
008 - FIXED-LENGTH DATA ELEMENTS
- fixed length control field: 190102|| aca||aabn | a|a d
040 ## - CATALOGING SOURCE
- Original cataloging agency: NUST
- Transcribing agency: NUST
110 ## - HEADING--CORPORATE NAME
- Corporate name or jurisdiction name as entry element: India.
- Subordinate unit: Cabinet Secretariat.
- Subordinate unit: Research and Analysis Wing.
670 ## - SOURCE DATA FOUND
- Source citation: Work cat.: (NUST)0: Raina, Asoka, 1942- 12832, Inside RAW :, 1981.
